000 00699nas a2200229 4500
001 BR9511394
003 BR-BrBNA
005 20231205094611.0
007 ta
008 230509b bl.|||p| |||| 00| 00por d
040 _aBR-BrBNA
_bpor
_cBiblioteca Nacional de Agricultura
041 _a(Pt)
072 _aQ04
100 1 _aAnon.
245 1 _aUma comparacao entre instrumentos modernos para a analise de estabilidade oxidativa de oleos, gorduras e alimentos
650 _aOleo
650 _aOxidacao
650 _aAnalise de Alimento
773 0 _tOleos Graos (Brazil)
_x
_g(Sep-Oct 1995), v. 5(26) p. 47-51
_wBR9511394
909 _a202311
_bLúcia
_c55
_dLúcia Elande
942 _2AGRIS
_n0
_cANA
999 _c145563
_d145563